| 000 | 00701cam a2200217 a 4500 | ||
|---|---|---|---|
| 001 | 000005164 | ||
| 005 | 20200929151609.0 | ||
| 008 | 990414s1998 sp 001 0cspa | ||
| 020 | _a8420483699 | ||
| 040 |
_aDO-SdBNP _cDLC |
||
| 082 |
_a923.97291 _bC117v |
||
| 100 | 1 |
_aCabrera Infante, Guillermo, _d1929-2005 _914776 |
|
| 245 | 1 | 0 |
_aVidas para leerlas / _cGuillermo Cabrera Infante. |
| 260 |
_aMadrid : _bExtra alfaguara, _c1998. |
||
| 300 |
_a294 p. ; _c24 cm. |
||
| 650 | 4 |
_aHistoriadores _xBiografías _914777 |
|
| 650 | 4 |
_aAutores cubanos _xBiografías _914778 |
|
| 650 | 4 |
_aHeroes _zCuba _914779 |
|
| 650 | 4 |
_aLiteratura cuaba _xHistoria y crítica _914780 |
|
| 910 | _aCatalogación por copia / LC | ||
| 999 |
_c4967 _d4967 |
||